000 00677nam a22002417a 4500
001 80443
003 UA-OsUOA
005 20201225174251.0
007 ta
008 20111208b un ||||| |||| 00| 0 ukr d
040 _aUA-OsUOA
_brus
_cUA-OsUOA
_dUA-OsUOA
041 _arus
080 _a94(73)
090 _a94(73)
_bС80
100 _aСтингл М.
245 _aТайны индейских пирамид
260 _aМ.
_bПрогресс
_c1982
300 _a250 с.
650 7 _a9 Географія. Біографії. Історія
_2UDC
942 _cBK
_2udc
955 _a3
999 _c366757
_d366757